<?xml version="1.0" encoding="UTF-8"?>
<record
    xmlns:xsi="http://www.w3.org/2001/XMLSchema-instance"
    xsi:schemaLocation="http://www.loc.gov/MARC21/slim http://www.loc.gov/standards/marcxml/schema/MARC21slim.xsd"
    xmlns="http://www.loc.gov/MARC21/slim">

  <leader>00654    a2200253   4500</leader>
  <controlfield tag="001">106777</controlfield>
  <datafield tag="020" ind1=" " ind2=" ">
    <subfield code="a">9780694006243 (board)</subfield>
  </datafield>
  <datafield tag="041" ind1=" " ind2=" ">
    <subfield code="a">eng</subfield>
  </datafield>
  <datafield tag="082" ind1=" " ind2=" ">
    <subfield code="a">[E]</subfield>
  </datafield>
  <datafield tag="250" ind1=" " ind2=" ">
    <subfield code="a">1st board bk. ed.</subfield>
  </datafield>
  <datafield tag="300" ind1=" " ind2=" ">
    <subfield code="a">[34] p.</subfield>
  </datafield>
  <datafield tag="697" ind1=" " ind2=" ">
    <subfield code="a">Domestic animals - Fiction.</subfield>
  </datafield>
  <datafield tag="697" ind1=" " ind2=" ">
    <subfield code="a">Farm life - Fiction.</subfield>
  </datafield>
  <datafield tag="697" ind1=" " ind2=" ">
    <subfield code="a">Stories in rhyme.</subfield>
  </datafield>
  <datafield tag="697" ind1=" " ind2=" ">
    <subfield code="a">Domestic animals</subfield>
  </datafield>
  <datafield tag="697" ind1=" " ind2=" ">
    <subfield code="a">Farm life</subfield>
  </datafield>
  <datafield tag="856" ind1=" " ind2=" ">
    <subfield code="u">000010/00001065.jpg</subfield>
  </datafield>
  <datafield tag="040" ind1=" " ind2=" ">
    <subfield code="a">BR-BrIDEA</subfield>
    <subfield code="c">BR-BrIDEA</subfield>
  </datafield>
  <datafield tag="090" ind1=" " ind2=" ">
    <subfield code="a">AP SK [E]</subfield>
    <subfield code="b">BRO</subfield>
  </datafield>
  <datafield tag="100" ind1=" " ind2=" ">
    <subfield code="a">Brown, Margaret Wise</subfield>
    <subfield code="d">1910-1952</subfield>
  </datafield>
  <datafield tag="245" ind1="1" ind2="0">
    <subfield code="a">Big red barn</subfield>
    <subfield code="c"> Margaret Wis Brown</subfield>
  </datafield>
  <datafield tag="260" ind1=" " ind2=" ">
    <subfield code="a">New York</subfield>
    <subfield code="b">HarperFestival</subfield>
    <subfield code="c">1995</subfield>
  </datafield>
  <datafield tag="942" ind1=" " ind2=" ">
    <subfield code="c">BK</subfield>
  </datafield>
  <datafield tag="952" ind1=" " ind2=" ">
    <subfield code="0">0</subfield>
    <subfield code="1">0</subfield>
    <subfield code="2">ddc</subfield>
    <subfield code="4">0</subfield>
    <subfield code="7">0</subfield>
    <subfield code="a">12.28</subfield>
    <subfield code="b">12.28</subfield>
    <subfield code="d">2016-02-16</subfield>
    <subfield code="l">0</subfield>
    <subfield code="o">P Toddler [E]</subfield>
    <subfield code="p">00020010SSW</subfield>
    <subfield code="r">2024-01-23 14:34:05</subfield>
    <subfield code="w">2024-01-23</subfield>
    <subfield code="y">BK</subfield>
  </datafield>
  <datafield tag="952" ind1=" " ind2=" ">
    <subfield code="0">0</subfield>
    <subfield code="1">0</subfield>
    <subfield code="2">ddc</subfield>
    <subfield code="4">0</subfield>
    <subfield code="7">0</subfield>
    <subfield code="a">12.28</subfield>
    <subfield code="b">12.28</subfield>
    <subfield code="d">2017-08-25</subfield>
    <subfield code="l">0</subfield>
    <subfield code="o">P Toddler [E]</subfield>
    <subfield code="p">00002559SSW</subfield>
    <subfield code="r">2024-01-23 14:34:05</subfield>
    <subfield code="w">2024-01-23</subfield>
    <subfield code="y">BK</subfield>
  </datafield>
  <datafield tag="952" ind1=" " ind2=" ">
    <subfield code="0">0</subfield>
    <subfield code="1">0</subfield>
    <subfield code="2">ddc</subfield>
    <subfield code="4">0</subfield>
    <subfield code="7">0</subfield>
    <subfield code="a">12.28</subfield>
    <subfield code="b">12.28</subfield>
    <subfield code="d">2017-08-25</subfield>
    <subfield code="l">0</subfield>
    <subfield code="o">P Toddler [E]</subfield>
    <subfield code="p">00011508SSW</subfield>
    <subfield code="r">2024-01-23 14:34:05</subfield>
    <subfield code="w">2024-01-23</subfield>
    <subfield code="y">BK</subfield>
  </datafield>
  <datafield tag="952" ind1=" " ind2=" ">
    <subfield code="0">0</subfield>
    <subfield code="1">0</subfield>
    <subfield code="2">ddc</subfield>
    <subfield code="4">0</subfield>
    <subfield code="7">0</subfield>
    <subfield code="a">12.28</subfield>
    <subfield code="b">12.28</subfield>
    <subfield code="d">2017-08-25</subfield>
    <subfield code="l">0</subfield>
    <subfield code="o">P Year 1 [E]</subfield>
    <subfield code="p">00012227SSW</subfield>
    <subfield code="r">2024-01-23 14:34:05</subfield>
    <subfield code="w">2024-01-23</subfield>
    <subfield code="y">BK</subfield>
  </datafield>
  <datafield tag="952" ind1=" " ind2=" ">
    <subfield code="0">0</subfield>
    <subfield code="1">0</subfield>
    <subfield code="2">ddc</subfield>
    <subfield code="4">0</subfield>
    <subfield code="7">0</subfield>
    <subfield code="a">12.28</subfield>
    <subfield code="b">12.28</subfield>
    <subfield code="d">2017-01-17</subfield>
    <subfield code="l">2</subfield>
    <subfield code="o">P SK [E] BRO</subfield>
    <subfield code="p">00027095SSW</subfield>
    <subfield code="r">2024-05-20 13:57:49</subfield>
    <subfield code="s">2024-04-26</subfield>
    <subfield code="w">2024-01-23</subfield>
    <subfield code="y">BK</subfield>
  </datafield>
  <datafield tag="952" ind1=" " ind2=" ">
    <subfield code="0">0</subfield>
    <subfield code="1">0</subfield>
    <subfield code="2">ddc</subfield>
    <subfield code="4">0</subfield>
    <subfield code="7">0</subfield>
    <subfield code="a">12.27</subfield>
    <subfield code="b">12.27</subfield>
    <subfield code="d">2018-03-05</subfield>
    <subfield code="l">2</subfield>
    <subfield code="o">AP SK [E] BRO</subfield>
    <subfield code="p">00035420AGC</subfield>
    <subfield code="q">2024-06-27</subfield>
    <subfield code="r">2024-06-20 13:39:56</subfield>
    <subfield code="s">2024-06-20</subfield>
    <subfield code="w">2024-01-23</subfield>
    <subfield code="y">BK</subfield>
  </datafield>
  <datafield tag="952" ind1=" " ind2=" ">
    <subfield code="0">0</subfield>
    <subfield code="1">0</subfield>
    <subfield code="2">ddc</subfield>
    <subfield code="4">0</subfield>
    <subfield code="7">0</subfield>
    <subfield code="a">12.28</subfield>
    <subfield code="b">12.28</subfield>
    <subfield code="d">2017-01-17</subfield>
    <subfield code="l">2</subfield>
    <subfield code="o">P SK [E] BRO</subfield>
    <subfield code="p">00027094SSW</subfield>
    <subfield code="r">2024-05-03 17:39:02</subfield>
    <subfield code="s">2024-04-12</subfield>
    <subfield code="w">2024-01-23</subfield>
    <subfield code="y">BK</subfield>
  </datafield>
  <datafield tag="952" ind1=" " ind2=" ">
    <subfield code="0">0</subfield>
    <subfield code="1">0</subfield>
    <subfield code="2">ddc</subfield>
    <subfield code="4">0</subfield>
    <subfield code="7">0</subfield>
    <subfield code="a">12.27</subfield>
    <subfield code="b">12.27</subfield>
    <subfield code="d">2019-02-08</subfield>
    <subfield code="l">0</subfield>
    <subfield code="o">AP Toddler [E] BRO</subfield>
    <subfield code="p">00040062AGC</subfield>
    <subfield code="r">2024-01-23 14:34:05</subfield>
    <subfield code="w">2024-01-23</subfield>
    <subfield code="y">BK</subfield>
  </datafield>
  <datafield tag="952" ind1=" " ind2=" ">
    <subfield code="0">0</subfield>
    <subfield code="1">0</subfield>
    <subfield code="2">ddc</subfield>
    <subfield code="4">0</subfield>
    <subfield code="7">0</subfield>
    <subfield code="a">12.28</subfield>
    <subfield code="b">12.28</subfield>
    <subfield code="d">2013-05-23</subfield>
    <subfield code="l">3</subfield>
    <subfield code="o">P JK [E]</subfield>
    <subfield code="p">00002449SSW</subfield>
    <subfield code="r">2024-06-24 14:07:46</subfield>
    <subfield code="s">2024-06-17</subfield>
    <subfield code="w">2024-01-23</subfield>
    <subfield code="y">BK</subfield>
  </datafield>
  <datafield tag="952" ind1=" " ind2=" ">
    <subfield code="0">0</subfield>
    <subfield code="1">0</subfield>
    <subfield code="2">ddc</subfield>
    <subfield code="4">0</subfield>
    <subfield code="7">0</subfield>
    <subfield code="a">12.27</subfield>
    <subfield code="b">12.27</subfield>
    <subfield code="d">2021-03-05</subfield>
    <subfield code="l">0</subfield>
    <subfield code="o">AP Toddler [E] BRO</subfield>
    <subfield code="p">00053862AGC</subfield>
    <subfield code="r">2024-01-23 14:34:06</subfield>
    <subfield code="w">2024-01-23</subfield>
    <subfield code="y">BK</subfield>
  </datafield>
  <datafield tag="952" ind1=" " ind2=" ">
    <subfield code="0">0</subfield>
    <subfield code="1">0</subfield>
    <subfield code="2">ddc</subfield>
    <subfield code="4">0</subfield>
    <subfield code="7">0</subfield>
    <subfield code="a">12.27</subfield>
    <subfield code="b">12.27</subfield>
    <subfield code="d">2021-03-05</subfield>
    <subfield code="l">1</subfield>
    <subfield code="o">AP Toddler [E] BRO</subfield>
    <subfield code="p">00053860AGC</subfield>
    <subfield code="r">2024-02-26 19:28:11</subfield>
    <subfield code="s">2024-02-05</subfield>
    <subfield code="w">2024-01-23</subfield>
    <subfield code="y">BK</subfield>
  </datafield>
  <datafield tag="952" ind1=" " ind2=" ">
    <subfield code="0">0</subfield>
    <subfield code="1">0</subfield>
    <subfield code="2">ddc</subfield>
    <subfield code="4">0</subfield>
    <subfield code="7">0</subfield>
    <subfield code="a">12.27</subfield>
    <subfield code="b">12.27</subfield>
    <subfield code="d">2021-03-05</subfield>
    <subfield code="l">0</subfield>
    <subfield code="o">AP Toddler [E] BRO</subfield>
    <subfield code="p">00053861AGC</subfield>
    <subfield code="r">2024-01-23 14:34:06</subfield>
    <subfield code="w">2024-01-23</subfield>
    <subfield code="y">BK</subfield>
  </datafield>
  <datafield tag="952" ind1=" " ind2=" ">
    <subfield code="0">0</subfield>
    <subfield code="1">0</subfield>
    <subfield code="2">ddc</subfield>
    <subfield code="4">0</subfield>
    <subfield code="7">0</subfield>
    <subfield code="a">12.28</subfield>
    <subfield code="b">12.28</subfield>
    <subfield code="d">2016-02-16</subfield>
    <subfield code="l">0</subfield>
    <subfield code="o">P JK [E]</subfield>
    <subfield code="p">00020009SSW</subfield>
    <subfield code="r">2024-01-23 14:34:06</subfield>
    <subfield code="w">2024-01-23</subfield>
    <subfield code="y">BK</subfield>
  </datafield>
  <datafield tag="952" ind1=" " ind2=" ">
    <subfield code="0">0</subfield>
    <subfield code="1">0</subfield>
    <subfield code="2">ddc</subfield>
    <subfield code="4">0</subfield>
    <subfield code="7">0</subfield>
    <subfield code="a">12.27</subfield>
    <subfield code="b">12.27</subfield>
    <subfield code="d">2018-03-05</subfield>
    <subfield code="l">3</subfield>
    <subfield code="o">AP SK [E] BRO</subfield>
    <subfield code="p">00035421AGC</subfield>
    <subfield code="r">2024-06-14 17:22:54</subfield>
    <subfield code="s">2024-06-03</subfield>
    <subfield code="w">2024-01-23</subfield>
    <subfield code="y">BK</subfield>
  </datafield>
  <datafield tag="952" ind1=" " ind2=" ">
    <subfield code="0">0</subfield>
    <subfield code="1">0</subfield>
    <subfield code="2">ddc</subfield>
    <subfield code="4">0</subfield>
    <subfield code="7">0</subfield>
    <subfield code="a">12.28</subfield>
    <subfield code="b">12.28</subfield>
    <subfield code="d">2018-03-28</subfield>
    <subfield code="l">0</subfield>
    <subfield code="o">P Year 1 [E]</subfield>
    <subfield code="p">00020011SSW</subfield>
    <subfield code="r">2024-01-23 14:34:06</subfield>
    <subfield code="w">2024-01-23</subfield>
    <subfield code="y">BK</subfield>
  </datafield>
  <datafield tag="952" ind1=" " ind2=" ">
    <subfield code="0">0</subfield>
    <subfield code="1">0</subfield>
    <subfield code="2">ddc</subfield>
    <subfield code="4">0</subfield>
    <subfield code="7">0</subfield>
    <subfield code="a">12.27</subfield>
    <subfield code="b">12.27</subfield>
    <subfield code="d">2018-02-02</subfield>
    <subfield code="l">3</subfield>
    <subfield code="o">AP Year 1 [E] BRO</subfield>
    <subfield code="p">00033847AGC</subfield>
    <subfield code="q">2024-04-19</subfield>
    <subfield code="r">2024-04-12 13:57:16</subfield>
    <subfield code="s">2024-04-12</subfield>
    <subfield code="w">2024-01-23</subfield>
    <subfield code="y">BK</subfield>
  </datafield>
  <datafield tag="952" ind1=" " ind2=" ">
    <subfield code="0">0</subfield>
    <subfield code="1">0</subfield>
    <subfield code="2">ddc</subfield>
    <subfield code="4">0</subfield>
    <subfield code="7">0</subfield>
    <subfield code="a">12.28</subfield>
    <subfield code="b">12.28</subfield>
    <subfield code="d">2017-08-25</subfield>
    <subfield code="l">0</subfield>
    <subfield code="o">P Toddler [E]</subfield>
    <subfield code="p">00006619SSW</subfield>
    <subfield code="r">2024-01-23 14:34:06</subfield>
    <subfield code="w">2024-01-23</subfield>
    <subfield code="y">BK</subfield>
  </datafield>
  <datafield tag="952" ind1=" " ind2=" ">
    <subfield code="0">0</subfield>
    <subfield code="1">0</subfield>
    <subfield code="2">ddc</subfield>
    <subfield code="4">0</subfield>
    <subfield code="7">0</subfield>
    <subfield code="a">12.28</subfield>
    <subfield code="b">12.28</subfield>
    <subfield code="d">2017-08-25</subfield>
    <subfield code="l">4</subfield>
    <subfield code="o">P Year 1 [E]</subfield>
    <subfield code="p">00008507SSW</subfield>
    <subfield code="q">2024-06-24</subfield>
    <subfield code="r">2024-06-17 11:11:16</subfield>
    <subfield code="s">2024-06-17</subfield>
    <subfield code="w">2024-01-23</subfield>
    <subfield code="y">BK</subfield>
  </datafield>
  <datafield tag="952" ind1=" " ind2=" ">
    <subfield code="0">0</subfield>
    <subfield code="1">0</subfield>
    <subfield code="2">ddc</subfield>
    <subfield code="4">0</subfield>
    <subfield code="7">0</subfield>
    <subfield code="a">12.28</subfield>
    <subfield code="b">12.28</subfield>
    <subfield code="d">2017-08-25</subfield>
    <subfield code="l">0</subfield>
    <subfield code="o">P Year 1 [E]</subfield>
    <subfield code="p">00012228SSW</subfield>
    <subfield code="r">2024-01-23 14:34:06</subfield>
    <subfield code="w">2024-01-23</subfield>
    <subfield code="y">BK</subfield>
  </datafield>
  <datafield tag="952" ind1=" " ind2=" ">
    <subfield code="0">0</subfield>
    <subfield code="1">0</subfield>
    <subfield code="2">ddc</subfield>
    <subfield code="4">0</subfield>
    <subfield code="7">0</subfield>
    <subfield code="a">12.27</subfield>
    <subfield code="b">12.27</subfield>
    <subfield code="d">2017-08-25</subfield>
    <subfield code="l">1</subfield>
    <subfield code="o">AP Year 1 [E] BRO</subfield>
    <subfield code="p">00007520AGC</subfield>
    <subfield code="r">2024-09-09 12:43:56</subfield>
    <subfield code="s">2024-09-06</subfield>
    <subfield code="w">2024-01-23</subfield>
    <subfield code="y">BK</subfield>
  </datafield>
  <datafield tag="952" ind1=" " ind2=" ">
    <subfield code="0">0</subfield>
    <subfield code="1">0</subfield>
    <subfield code="2">ddc</subfield>
    <subfield code="4">0</subfield>
    <subfield code="7">0</subfield>
    <subfield code="a">12.28</subfield>
    <subfield code="b">12.28</subfield>
    <subfield code="d">2017-01-17</subfield>
    <subfield code="l">0</subfield>
    <subfield code="o">P SK [E] BRO</subfield>
    <subfield code="p">00027096SSW</subfield>
    <subfield code="r">2024-01-23 14:34:06</subfield>
    <subfield code="w">2024-01-23</subfield>
    <subfield code="y">BK</subfield>
  </datafield>
  <datafield tag="952" ind1=" " ind2=" ">
    <subfield code="0">0</subfield>
    <subfield code="1">0</subfield>
    <subfield code="2">ddc</subfield>
    <subfield code="4">0</subfield>
    <subfield code="7">0</subfield>
    <subfield code="a">12.28</subfield>
    <subfield code="b">12.28</subfield>
    <subfield code="d">2021-03-03</subfield>
    <subfield code="l">0</subfield>
    <subfield code="o">P Toddler [E] BRO</subfield>
    <subfield code="p">00053743SSW</subfield>
    <subfield code="r">2024-01-23 14:34:06</subfield>
    <subfield code="w">2024-01-23</subfield>
    <subfield code="y">BK</subfield>
  </datafield>
  <datafield tag="952" ind1=" " ind2=" ">
    <subfield code="0">0</subfield>
    <subfield code="1">0</subfield>
    <subfield code="2">ddc</subfield>
    <subfield code="4">0</subfield>
    <subfield code="7">0</subfield>
    <subfield code="a">12.28</subfield>
    <subfield code="b">12.28</subfield>
    <subfield code="d">2021-03-03</subfield>
    <subfield code="l">0</subfield>
    <subfield code="o">P Toddler [E] BRO</subfield>
    <subfield code="p">00053744SSW</subfield>
    <subfield code="r">2024-01-23 14:34:06</subfield>
    <subfield code="w">2024-01-23</subfield>
    <subfield code="y">BK</subfield>
  </datafield>
  <datafield tag="952" ind1=" " ind2=" ">
    <subfield code="0">0</subfield>
    <subfield code="1">0</subfield>
    <subfield code="2">ddc</subfield>
    <subfield code="4">0</subfield>
    <subfield code="7">0</subfield>
    <subfield code="a">12.27</subfield>
    <subfield code="b">12.27</subfield>
    <subfield code="d">2021-03-05</subfield>
    <subfield code="l">0</subfield>
    <subfield code="o">AP Toddler [E] BRO</subfield>
    <subfield code="p">00053859AGC</subfield>
    <subfield code="r">2024-01-23 14:34:06</subfield>
    <subfield code="w">2024-01-23</subfield>
    <subfield code="y">BK</subfield>
  </datafield>
  <datafield tag="952" ind1=" " ind2=" ">
    <subfield code="0">0</subfield>
    <subfield code="1">0</subfield>
    <subfield code="2">ddc</subfield>
    <subfield code="4">0</subfield>
    <subfield code="7">0</subfield>
    <subfield code="a">12.28</subfield>
    <subfield code="b">12.28</subfield>
    <subfield code="d">2021-03-03</subfield>
    <subfield code="l">0</subfield>
    <subfield code="o">P Toddler [E] BRO</subfield>
    <subfield code="p">00053741SSW</subfield>
    <subfield code="r">2024-01-23 14:34:06</subfield>
    <subfield code="w">2024-01-23</subfield>
    <subfield code="y">BK</subfield>
  </datafield>
  <datafield tag="952" ind1=" " ind2=" ">
    <subfield code="0">0</subfield>
    <subfield code="1">0</subfield>
    <subfield code="2">ddc</subfield>
    <subfield code="4">0</subfield>
    <subfield code="7">0</subfield>
    <subfield code="a">12.28</subfield>
    <subfield code="b">12.28</subfield>
    <subfield code="d">2021-03-03</subfield>
    <subfield code="l">0</subfield>
    <subfield code="o">P Toddler [E] BRO</subfield>
    <subfield code="p">00053742SSW</subfield>
    <subfield code="r">2024-01-23 14:34:06</subfield>
    <subfield code="w">2024-01-23</subfield>
    <subfield code="y">BK</subfield>
  </datafield>
  <datafield tag="952" ind1=" " ind2=" ">
    <subfield code="0">0</subfield>
    <subfield code="1">0</subfield>
    <subfield code="2">ddc</subfield>
    <subfield code="4">0</subfield>
    <subfield code="7">0</subfield>
    <subfield code="a">12.27</subfield>
    <subfield code="b">12.27</subfield>
    <subfield code="d">2023-01-23</subfield>
    <subfield code="l">1</subfield>
    <subfield code="o">AP Toddler [E] BRO</subfield>
    <subfield code="p">00059744AGC</subfield>
    <subfield code="r">2024-08-02 21:06:18</subfield>
    <subfield code="s">2024-07-26</subfield>
    <subfield code="w">2024-01-23</subfield>
    <subfield code="y">BK</subfield>
  </datafield>
  <datafield tag="952" ind1=" " ind2=" ">
    <subfield code="0">0</subfield>
    <subfield code="1">0</subfield>
    <subfield code="4">0</subfield>
    <subfield code="7">0</subfield>
    <subfield code="a">80.1</subfield>
    <subfield code="b">80.1</subfield>
    <subfield code="d">2024-02-09</subfield>
    <subfield code="l">0</subfield>
    <subfield code="o">BRO</subfield>
    <subfield code="p">A05421</subfield>
    <subfield code="r">2024-08-13 11:30:56</subfield>
    <subfield code="w">2024-02-09</subfield>
    <subfield code="y">BK</subfield>
  </datafield>
  <datafield tag="952" ind1=" " ind2=" ">
    <subfield code="0">0</subfield>
    <subfield code="1">0</subfield>
    <subfield code="4">0</subfield>
    <subfield code="7">0</subfield>
    <subfield code="a">80.1</subfield>
    <subfield code="b">80.1</subfield>
    <subfield code="d">2024-02-09</subfield>
    <subfield code="l">1</subfield>
    <subfield code="o">BRO</subfield>
    <subfield code="p">A110F0</subfield>
    <subfield code="r">2024-04-24 13:48:55</subfield>
    <subfield code="s">2024-04-15</subfield>
    <subfield code="w">2024-02-09</subfield>
    <subfield code="y">BK</subfield>
  </datafield>
  <datafield tag="999" ind1=" " ind2=" ">
    <subfield code="c">106777</subfield>
    <subfield code="d">106777</subfield>
  </datafield>
</record>
